000 00787nam a2200181Ia 4500
008 151202s9999||||xx |||||||||||||| ||und||
082 _bPNVM-76124
100 _aदेशपांडे रमाकांत.
245 _aश्री ज्ञानेश्वरांच्या 101 गोड गोष्टी.
260 _bमनोरमा प्रकाशन.
260 _c2013
300 _a192
600 _aदेशपांडे रमाकांत.
630 _aश्री ज्ञानेश्वरांच्या 101 गोड गोष्टी.
700 _aदेशपांडे रमाकांत.
730 _aश्री ज्ञानेश्वरांच्या 101 गोड गोष्टी.
942 _cBOOK
999 _c1342783
_d1342780